Relatório de Estágio para observador Geofísico (Record no. 6232)

000 -Cabeçalho
Cabeçalho 004150000a22001570004500
001 - Identificador do registo
Identificador do registo 6232
090 ## - Número de controle KOHA
Número biblioitem KOHA 6232
100 ## - Dados gerais de processamento
Dados gerais de processamento 19980515 1997 m||y0pory5003 ba
102 ## - País de publicação ou produção
País de publicação Portugal
200 ## - Título e menção de responsabilidade
Título próprio Relatório de Estágio para observador Geofísico
Primeira menção de responsabilidade Maria Alice Nazareth
210 ## - Publicação, distribuição, etc.
Lugar da edição, distribuição, etc. Lisboa
Nome do editor, distribuidor, etc. IM
Data da publicação, distribuição, etc. 1997
215 ## - Descrição física
Tipo do material e extensão do item 70 p.
Dimensões 29 cm
300 ## - Notas gerais
Texto da nota Departamento de Sismologia
606 ## - Nome comum usado como assunto
Palavra de ordem RELATORIOS
Subdivisão cronológica IM
675 ## - Classificação Decimal Universal (CDU)
Notação
700 #1 - Nome de pessoa - responsabilidade principal
Palavra de ordem Nazareth
Outra parte do nome não tomada para palavra de ordem maria Alice
Holdings
Data de aquisição Fim da data de empréstimo Permissão de empréstimo Tipo de documento
2019-04-16 2019-04-16    

Powered by Koha